000 00366nam a22001457a 4500
003 MACL
005 20190908160137.0
008 190908b xxu||||| |||| 00| 0 eng d
040 _cMACL
100 _aVerendar
_976607
245 _aThe Great Emperor of Undia Ashoka
260 _aDelhi
_bNewYork Book Company
_c2018
650 _aBiography
_976608
942 _2ddc
_cBK
999 _c60975
_d60975